| 000 | 00000nam 2200000zi 4500 |
| 001 | 9.901983 |
| 003 | CaOODSP |
| 005 | 20250129084502 |
| 006 | m o d f |
| 007 | cr mn||||||||| |
| 008 | 210723s1910 onc oc f001 0 eng d |
| 040 | |aCaOODSP|beng|erda|cCaOODSP |
| 041 | 0 |aeng|afre |
| 043 | |an-cn--- |
| 045 | |ax0x1 |
| 086 | 1 |aYL2-15/1910-PDF |
| 245 | 00|aAnnual supplement to the Catalogue of the Library of Parliament in alphabetical and subject order, containing all books and pamphlets added to the library from January 1st, 1909 to January 1st, 1910 = |bSupplément annuel au Catalogue de la Bibliothèque du Parlement par ordre alphabétique, contenant, classifiés, tous le livres et brochures ajoutés à la bibliothèque depuis le 1er janvier 1909, jusqu'au 1er janvier 2010. |
| 246 | 11|aSupplément annuel au Catalogue de la Bibliothèque du Parlement par ordre alphabétique, contenant, classifiés, tous le livres et brochures ajoutés à la bibliothèque depuis le 1er janvier 1909, jusqu'au 1er janvier 2010 |
| 264 | 1|aOttawa : |bC.H. Parmelee, printer = C.H. Parmelee, imprimeur, |c1910. |
| 300 | |a1 online resource (137 pages) |
| 336 | |atext|btxt|2rdacontent |
| 337 | |acomputer|bc|2rdamedia |
| 338 | |aonline resource|bcr|2rdacarrier |
| 500 | |aIncludes indexes. |
| 500 | |aDigitized edition from print [produced by Government of Canada Publications Directorate]. |
| 546 | |aText in English and French. |
| 610 | 10|aCanada. |bLibrary of Parliament|vCatalogs. |
| 650 | 0|aLegislative libraries|zCanada|vCatalogs. |
| 650 | 0|aLibrary catalogs|zCanada. |
| 655 | 7|aLibrary catalogs|2lcgft |
| 655 | 7|aCatalogs|2lcgft |
| 710 | 1 |aCanada. |bLibrary of Parliament, |eissuing body. |
| 788 | |tAnnual supplement to the Catalogue of the Library of Parliament in alphabetical and subject order, containing all books and pamphlets added to the library from January 1st, 1909 to January 1st, 1910 = |efre|w(CaOODSP)9.901987 |
| 856 | 40|qPDF|s127.00 MB|uhttps://publications.gc.ca/collections/collection_2025/bdp-lop/YL2-15-1910.pdf |